<?xml version="1.0" encoding="UTF-8"?>
<record
    xmlns:xsi="http://www.w3.org/2001/XMLSchema-instance"
    xsi:schemaLocation="http://www.loc.gov/MARC21/slim http://www.loc.gov/standards/marcxml/schema/MARC21slim.xsd"
    xmlns="http://www.loc.gov/MARC21/slim">

  <leader>02131nam a22003017a 4500</leader>
  <controlfield tag="003">EG-ScBUE</controlfield>
  <controlfield tag="005">20211019125619.0</controlfield>
  <controlfield tag="008">200219s2002    xxu    f bf   001 0 spa d</controlfield>
  <datafield tag="020" ind1=" " ind2=" ">
    <subfield code="a">1885960018</subfield>
  </datafield>
  <datafield tag="040" ind1=" " ind2=" ">
    <subfield code="a">EG-ScBUE</subfield>
    <subfield code="b">eng</subfield>
    <subfield code="e">rda</subfield>
    <subfield code="c">EG-ScBUE</subfield>
    <subfield code="d">EG-ScBUE</subfield>
  </datafield>
  <datafield tag="082" ind1="0" ind2="4">
    <subfield code="a">613.94</subfield>
    <subfield code="b">ESE</subfield>
    <subfield code="2">22</subfield>
  </datafield>
  <datafield tag="245" ind1="0" ind2="3">
    <subfield code="a">Lo esencial de la tecnolog&#xED;a anticonceptiva :</subfield>
    <subfield code="b">Programa de Informaci&#xF3;n en Poblaci&#xF3;n /</subfield>
    <subfield code="c">Dr. Robert A Hatcher, M.D., M.P.H. [and four others]</subfield>
  </datafield>
  <datafield tag="250" ind1=" " ind2=" ">
    <subfield code="a">Segunda impresi&#xF3;n.</subfield>
  </datafield>
  <datafield tag="264" ind1=" " ind2="1">
    <subfield code="a">Estados Unidos :</subfield>
    <subfield code="b">Organizacion Mundial de la Salud,</subfield>
    <subfield code="c">2002.</subfield>
  </datafield>
  <datafield tag="300" ind1=" " ind2=" ">
    <subfield code="a">1 volume (various pagings) ;</subfield>
    <subfield code="c">28 cm</subfield>
  </datafield>
  <datafield tag="336" ind1=" " ind2=" ">
    <subfield code="2">rdacontent</subfield>
    <subfield code="a">text</subfield>
    <subfield code="b">txt</subfield>
  </datafield>
  <datafield tag="337" ind1=" " ind2=" ">
    <subfield code="2">rdamedia</subfield>
    <subfield code="a">unmediated</subfield>
    <subfield code="b">n</subfield>
  </datafield>
  <datafield tag="338" ind1=" " ind2=" ">
    <subfield code="2">rdacarrier</subfield>
    <subfield code="a">volume</subfield>
    <subfield code="b">nc</subfield>
  </datafield>
  <datafield tag="504" ind1=" " ind2=" ">
    <subfield code="a">Includes bibliographical references and index.</subfield>
  </datafield>
  <datafield tag="520" ind1=" " ind2=" ">
    <subfield code="a">Lo Esencial de la tecnolog&#xED;a anticonceptiva es un manual dise&#xF1;ado para proporcionar a los proveedores de salud en el mundo entero la informaci&#xF3;n m&#xE1;s actualizada sobre los m&#xE9;todos de planicaci&#xF3;n familiar, y constituye un importante aporte al campo de la salud reproductiva. El manual usa un enfoque, simple. centrado en la prestaci&#xF3;n de servicios de planicifaci&#xF3;n familiar al cliente. Cubre una amplia gama de temas que ayudar&#xE1;n tanto al hombre como a la mujer a utilizar el m&#xE9;todo de su preferencia en forma eficaz y satisfactoria, protegi&#xE9;ndose al mismo tiempo de ciertos efectos negativos para la salud que pueden prevenirse. Contribuye a que los proveedores de salud puedan brindar a sus clientes gu&#xED;a e informaci&#xF3;n simples pero apropiados que deben seguirse al ofrecer los m&#xE9;thodos de planificaci&#xF3;n familiar y ayudar a las personas que los utilizan en forma continua. CONTENIDO: La planificaci&#xF3;n familiar nos ayuda a todos - Consejer&#xED;a - Informaci&#xF3;n importante - Anticonceptivos orales s&#xF3;lo de.</subfield>
  </datafield>
  <datafield tag="650" ind1=" " ind2="7">
    <subfield code="a">Contraceptives</subfield>
    <subfield code="v">Handbooks, manuals, etc.</subfield>
    <subfield code="2">BUEsh</subfield>
  </datafield>
  <datafield tag="650" ind1=" " ind2="7">
    <subfield code="a">Birth Control</subfield>
    <subfield code="v">Handbooks, manuals, etc.</subfield>
    <subfield code="2">BUEsh</subfield>
  </datafield>
  <datafield tag="653" ind1=" " ind2=" ">
    <subfield code="b">GGEN</subfield>
    <subfield code="c">October2021</subfield>
  </datafield>
  <datafield tag="655" ind1=" " ind2=" ">
    <subfield code="v">Reading book</subfield>
    <subfield code="9">34232</subfield>
  </datafield>
  <datafield tag="700" ind1="1" ind2=" ">
    <subfield code="a">Hatcher, Robert A.&#x200F;</subfield>
    <subfield code="q">(Robert Anthony),&#x200F;</subfield>
    <subfield code="d">1937-</subfield>
    <subfield code="e">author.</subfield>
  </datafield>
  <datafield tag="942" ind1=" " ind2=" ">
    <subfield code="2">ddc</subfield>
    <subfield code="c">BB</subfield>
  </datafield>
  <datafield tag="999" ind1=" " ind2=" ">
    <subfield code="c">29605</subfield>
    <subfield code="d">29576</subfield>
  </datafield>
  <datafield tag="952" ind1=" " ind2=" ">
    <subfield code="0">0</subfield>
    <subfield code="1">0</subfield>
    <subfield code="2">ddc</subfield>
    <subfield code="4">0</subfield>
    <subfield code="7">0</subfield>
    <subfield code="8">Donation-G</subfield>
    <subfield code="a">MAIN</subfield>
    <subfield code="b">MAIN</subfield>
    <subfield code="c">1ST</subfield>
    <subfield code="d">2021-10-19</subfield>
    <subfield code="e">Donation</subfield>
    <subfield code="l">0</subfield>
    <subfield code="o">613.94 ESE</subfield>
    <subfield code="p">000050864</subfield>
    <subfield code="r">2025-07-15 00:00:00</subfield>
    <subfield code="w">2021-10-19</subfield>
    <subfield code="y">REFERENCE</subfield>
  </datafield>
</record>
